000 00315nam a2200145Ia 4500
100 _aFriedman Daniel P
942 _cBK
654 _acomputer
245 _aEssential of Programming Language
260 _bPrentice Hall
_c1998
082 _a5.133
_bERI
300 _a536
546 _aENGLISH
999 _c31707
_d31707